Wireless Source Direction Finder/ (Record no. 212165)
[ view plain ]
| 000 -LEADER | |
|---|---|
| fixed length control field | 00753 a2200193 4500 |
| 003 - CONTROL NUMBER IDENTIFIER | |
| control field | NUST |
| 005 - DATE AND TIME OF LATEST TRANSACTION | |
| control field | 20251217152808.0 |
| 040 ## - CATALOGING SOURCE | |
| Transcribing agency | Nust |
| 082 ## - DEWEY DECIMAL CLASSIFICATION NUMBER | |
| Classification number | 621.382,AMI |
| 100 ## - MAIN ENTRY--PERSONAL NAME | |
| Personal name | Rana, Summair Amin (TCC-22) |
| 9 (RLIN) | 132398 |
| 245 ## - TITLE STATEMENT | |
| Title | Wireless Source Direction Finder/ |
| Statement of responsibility, etc. | Sumair Amin Rana, Umer Tariq, Hasain Shafiq and Abdus Salam Wanis TCC-22 |
| 260 ## - PUBLICATION, DISTRIBUTION, ETC. | |
| Place of publication, distribution, etc. | Rawalpindi |
| Name of publisher, distributor, etc. | MCS (NUST) |
| Date of publication, distribution, etc. | June-2014 |
| 300 ## - PHYSICAL DESCRIPTION | |
| Extent | ix,57 p.; |
| 505 ## - FORMATTED CONTENTS NOTE | |
| Formatted contents note | Introduction (Page-1), Literature Review (Page-4), System Design and Modules (Page-21), Software Development (Page-25), Future Development (Page-51), Future Work and Conclusion (Page-53). |
| 650 ## - SUBJECT ADDED ENTRY--TOPICAL TERM | |
| Topical term or geographic name entry element | UG Project |
| 9 (RLIN) | 131132 |
| 651 ## - SUBJECT ADDED ENTRY--GEOGRAPHIC NAME | |
| Geographic name | TCC-22 |
| 9 (RLIN) | 131223 |
| 700 ## - ADDED ENTRY--PERSONAL NAME | |
| Personal name | Supervised by Zeeshan Zahid. |
| 9 (RLIN) | 132399 |
| 942 ## - ADDED ENTRY ELEMENTS (KOHA) | |
| Koha item type | Project Report |
| Source of classification or shelving scheme | |
| Withdrawn status | Lost status | Source of classification or shelving scheme | Damaged status | Not for loan | Permanent Location | Current Location | Shelving location | Date acquired | Full call number | Barcode | Date last seen | Price effective from | Koha item type | Public note |
|---|---|---|---|---|---|---|---|---|---|---|---|---|---|---|
| Military College of Signals (MCS) | Military College of Signals (MCS) | Reference | 12/12/2016 | 621.382,AMI | MCSPTC-223 | 12/08/2016 | 12/12/2016 | Project Report | Almirah No. 94, Shelf No. 4 |
